000 00267nam a2200121Ia 4500
008 190216s9999||||xx |||||||||||||| ||und||
100 _aPigou A C
245 0 _aEconomics Of Welfare
260 _bMacmillan
_c1962
300 _a876p
650 _aEconomics
942 _cBK
999 _c9130
_d9130